000 01015nas a2200349 4500
001 BR2013000326
003 BR-BrBNA
005 20231205121756.0
007 ta
008 230509b bl.|||p| |||| 00| 00por d
040 _aBR-BrBNA
_bpor
_cBiblioteca Nacional de Agricultura
041 _a(Pt)
072 _aH60
100 1 _aRossi, C.V.S.
100 1 _aVelini, E.D.
100 1 _aLuchini, L.C.
100 1 _aNegrisoli, E.
100 1 _aCorrea, M.R.
100 1 _aPivetta, J.P.
100 1 _aCosta, A.G.F.
100 1 _aSilva, F.M.L.
245 1 _aDinâmica do herbicida metribuzin aplicado sobre palha de cana-de-açúcar (Saccarum officinarum)
650 _aCANA DE AÇÚCAR
650 _aSACCARUM OFFICINARUM
650 _aERVA DANINHA
650 _aHERBICIDA
650 _aCHUVA
650 _aLIXIVIAÇÃO
773 0 _tPlanta Daninha (Brazil)
_xISSN 0100-8358
_g(Jan-Mar 2013), v. 31(1) p. 223-230
_wBR2013000326
909 _a202311
_bLúcia
_c55
_dLúcia Elande
942 _2AGRIS
_n0
_cANA
999 _c225192
_d225192